Nghiên cứu khả năng nhân nhanh chồi In vitro lan nhất điểm hồng trên môi trường lỏng
Giới thiệu về họ Lan. Giới thiệu về Dendrobium. Sơ lược về nhân giống In vitro. Các yếu tố ảnh hưởng đến nhân giống...Đối tượng và phương pháp nghiên cứu. Kết quả và thảo luận
Salvato in:
| Autore principale: | |
|---|---|
| Altri autori: | |
| Natura: | Libro |
| Lingua: | Vietnamese |
| Pubblicazione: |
Đại học Đà Nẵng
ĐH Sư phạm
2010
|
| Soggetti: | |
| Tags: |
Aggiungi Tag
Nessun Tag, puoi essere il primo ad aggiungerne! !
|
| Thư viện lưu trữ: | Mạng thư viện Đại học Đà Nẵng |
|---|
| LEADER | 01543nam a2200361 4500 | ||
|---|---|---|---|
| 001 | 000011419 | ||
| 003 | 7666 | ||
| 005 | 20120204090230.0 | ||
| 008 | 120204s2010 viesd | ||
| 041 | |a vie | ||
| 072 | |a Khóa luận tốt nghiệp | ||
| 082 | |a 584.597 |b LE-N | ||
| 100 | |a Lê, Thị Nhung |e Tác giả | ||
| 245 | |a Nghiên cứu khả năng nhân nhanh chồi In vitro lan nhất điểm hồng trên môi trường lỏng |c Lê Thị Nhung | ||
| 260 | |a Đại học Đà Nẵng |b ĐH Sư phạm |c 2010 | ||
| 300 | |a 47 tr. |b Hình ảnh |c 29 cm | ||
| 500 | |a Khóa luận tốt nghiệp khoa Sinh - Môi trường | ||
| 520 | |a Giới thiệu về họ Lan. Giới thiệu về Dendrobium. Sơ lược về nhân giống In vitro. Các yếu tố ảnh hưởng đến nhân giống...Đối tượng và phương pháp nghiên cứu. Kết quả và thảo luận | ||
| 653 | |a Nhân giống In vitro | ||
| 653 | |a Họ lan | ||
| 653 | |a Môi trường lỏng | ||
| 653 | |a Nghiên cứu | ||
| 700 | |a Võ Châu Tuấn |c Th.S |e Hướng dân | ||
| OWN | |a LSP | ||
| AVA | |a UDN50 |b LSP |d 584.597 LE-N |e available |t Error 5001 Not defined in file expand_doc_bib_avail. |f 1 |g 0 |h N |i 0 |k 1 | ||
| 999 | |a From the UDN01 | ||
| AVA | |a UDN50 |b LSP |d 584.597 LE-N |e available |t Error 5001 Not defined in file expand_doc_bib_avail. |f 1 |g 0 |h N |i 0 |k 1 | ||
| TYP | |a Monograph | ||
| TYP | |a Printed language | ||
| 980 | |a Mạng thư viện Đại học Đà Nẵng | ||